History Quiz

Random History or Country Quiz

Sovereign States of the World: 1995 Quiz Stats

 Plays Quiz not verified by Sporcle

Challenge
Share
Tweet
Embed
Score 0/209 Timer 17:00
0 Plays Today
Status/Government Style Sovereign State % Correct
UN, Kingdom, Unitary Parliamentary Constitutional MonarchyUnited Kingdom of Great Britain and Northern Ireland
86.2%
UN, Federal Presidential Constitutional RepublicUnited States of America
86.2%
UN, Unitary Parliamentary RepublicRepublic of Albania
82.8%
UN, Unitary Semi-Presidential Constitutional RepublicFrench Republic
82.8%
UN, Islamic RepublicIslamic State of Afghanistan
79.3%
UN, Unitary Socialist One-Party StatePeople's Republic of China
79.3%
UN, Islamic Theocratic RepublicIslamic Republic of Iran
79.3%
UN, One-Party State, Ba'athist RepublicRepublic of Iraq
79.3%
UN, Kingdom, Unitary Parliamentary Constitutional MonarchyKingdom of Norway
79.3%
UN, Unitary Parliamentary Consitutional RepublicRepublic of Turkey
79.3%
UN, Dominant-Party Presidential RepublicRepublic of Zimbabwe
79.3%
UN, Unitary Semi-Presidential People's RepublicPeople's Democratic Republic of Algeria
75.9%
UN, Parliamentary RepublicRepublic of Bosnia and Herzegovina
75.9%
UN, Federal Parliamentary RepublicBosnia and Herzegovina
75.9%
UN, Federal Presidential Constitutional RepublicFederative Republic of Brazil
75.9%
UN, Unitary Islamic Absolute MonarchyNation of Brunei, the Abode of Peace
75.9%
UN, Kingdom, Unitary Parliamentary Constitutional MonarchyKingdom of Cambodia
75.9%
UN, Unitary Parliamentary Constitutional RepublicRepublic of Croatia
75.9%
UN, Unitary Presidential Constitutional RepublicRepublic of Cyprus
75.9%
UN, Kingdom, Unitary Parliamentary Constitutional MonarchyKingdom of Denmark
75.9%
UN, Unitary Semi-Presidential Arab RepublicArab Republic of Egypt
75.9%
UN, Unitary Parliamentary Constitutional RepublicRepublic of Finland
75.9%
UN, Unitary Parliamentary Constitutional RepublicGreece/Hellenic Republic
75.9%
UN, Federal Parliamentary Islamic RepublicIslamic Republic of Pakistan
75.9%
DR, Provisional, Semi-PresidentialPalestinian National Authority
75.9%
UN, Kingdom, Unitary Parliamentary Constitutional MonarchyKingdom of Sweden
75.9%
UN, Kingdom, Constitutional Monarchy under Military JuntaKingdom of Thailand
75.9%
Federal RepublicFederal Republic of Yugoslavia/Serbia and Montenegro
75.9%
UN, Unitary Presidential RepublicRepublic of Zambia
75.9%
UN, Federal Presidential Constitutional RepublicArgentine Republic
72.4%
UN, Unitary Semi-Presidential RepublicRepublic of Armenia
72.4%
UN, CommonwealthCommonwealth of Australia
72.4%
UN, Unitary Presidential RepublicRepublic of Belarus
72.4%
UN, Kingdom, Federal Constitutional MonarchyKingdom of Belgium
72.4%
UN, Unitary Parliamentary RepublicRepublic of Bulgaria
72.4%
UN, Commonwealth, Federal Parliamentary Representative DemocracyCanada
72.4%
UN, Unitary Presidential Constitutional RepublicRepublic of Chile
72.4%
DF, PR, Unitary Semi-Presidential RepublicRepublic of China
72.4%
UN, Parliamentary RepublicRepublic of Estonia
72.4%
UN, Unitary Semi-Presidential RepublicRepublic of Georgia
72.4%
UN, Unitary Parliamentary RepublicRepublic of Iceland
72.4%
UN, Unitary Parliamentary RepublicRepublic of Ireland
72.4%
UN, PR, Unitary Parliamentary RepublicState of Israel
72.4%
UN, CommonwealthJamaica
72.4%
UN, Parliamentary RepublicRepublic of Latvia
72.4%
UN, Unitary Parliamentary Multi-Confessionalist RepublicLebanese Republic
72.4%
UN, Kingdom, Unitary Parliamentary Constitutional MoarchyKingdom of Lesotho
72.4%
UN, JamahiriyaGreat Socialist People's Libyan Arab Jamahiriya
72.4%
UN, Unitary Presidential Constitutional RepublicRepublic of Paraguay
72.4%
UN, Unitary Presidential Constitutional RepublicRepublic of Peru
72.4%
UN, Parliamentary RepublicRepublic of Poland
72.4%
UN, Unitary Semi-Presidential RepublicPortuguese Republic
72.4%
UN, Federal Semi-Presidential Constitutional RepublicRussian Federation
72.4%
UN, Unitary Parliamentary Constitutional RepublicRepublic of Slovenia
72.4%
UN, Unitary Parliamentary RepublicRepublic of South Africa
72.4%
UN, Federal Presidential RepublicRepublic of the Sudan
72.4%
OS, Federal Multi-Party Directorial RepublicSwiss Confederation
72.4%
UN, Unitary Semi-Presidential Constitutional RepublicUkraine
72.4%
UN, Unitary Presidential Constitutional RepublicEastern Republic of Uruguay
72.4%
UN, Unitary Principality, DiarchyPrincipality of Andorra
69%
UN, Unitary Presidential RepublicRepublic of Angola
69%
UN, Federal Parliamentary RepublicRepublic of Austria
69%
UN, Constitutional Unitary Parliamentary RepublicPeople's Republic of Bangladesh
69%
UN, Parliamentary RepublicRepublic of Botswana
69%
UN, Unitary Marxist-Leninist One-Party StateRepublic of Cuba
69%
UN, One-Party Presidential RepublicState of Eritrea
69%
UN, Marxist Provisional GovernmentTransitional Government of Ethiopia
69%
UN, Federal Parliamentary RepublicFederal Democratic Republic of Ethiopia
69%
UN, Federal Parliamentary RepublicFederal Republic of Germany
69%
UN, Commonwealth, Parliamentary DemocracyGrenada
69%
Status/Government Style Sovereign State % Correct
UN, Unitary Parliamentary Constitutional RepublicRepublic of Hungary
69%
UN, Federal Parliamentary RepublicRepublic of India
69%
UN, Unitary Parliamentary Constitutional RepublicItalian Republic
69%
UN, Unitary Parliamentary Constitutional Monarchy, Hashemite KingdomHashemite Kingdom of Jordan
69%
UN, Unitary Dominant-Party Presidential RepublicRepublic of Kazakhstan
69%
UN, PR, Unitary Juche One-Party Totalitarian StateDemocratic People's Republic of Korea/North Korea
69%
UN, Unitary Parliamentary RepublicKyrgyz Republic
69%
UN, Unitary Marxist-Leninist One-Party StateLao People's Democratic Republic
69%
UN, Unitary Parliamentary RepublicRepublic of Lithuania
69%
UN, Grand Duchy, Unitary Parliamentary Constitutional MonarchyGrand Duchy of Luxembourg
69%
UN, Parliamentary RepublicThe Former Yugoslav Republic of Macedonia
69%
UN, Federal Parliamentary Democracy under an Elective Constitutional MonarchyMalaysia
69%
UN, Unitary Semi-Presidential RepublicRepublic of Mali
69%
UN, Federal Presidential Constitutional RepublicUnited Mexican States
69%
UN, Kingdom, Unitary Parliamentary Constitutional MonarchyKingdom of the Netherlands
69%
UN, Unitary Semi-Presidential RepublicRomania
69%
Unitary Parliamentary Directorial RepublicRepublic of San Marino
69%
UN, Kingdom, Unitary Islamic Absolute MonarchyKingdom of Saudi Arabia
69%
UN, Federal Parliamentary RepublicFederal Republic of Somalia
69%
UN, Kingdom, Unitary Parliamentary Constitutional MonarchyKingdom of Spain
69%
UN, Dominant-Party Presidential RepublicTajikistan
69%
UN, Unitary Presidential RepublicTurkmenistan
69%
UN, Unitary Presidential Constitutional RepublicUzbekistan
69%
OS, Ecclesiastical, Absolute Monarchy, Elective TheocracyVatican City State
69%
UN, Federal Presidential Constitutional RepublicBolivarian Republic of Venezuela
69%
UN, Unitary Marxist-Leninist One-Party StateSocialist Republic of Vietnam
69%
UN, Provisional RepublicRepublic of Yemen
69%
UN, CommonwealthAntigua and Barbuda
65.5%
UN, CommonwealthCommonwealth of the Bahamas
65.5%
UN, CommonwealthBelize
65.5%
UN, Unitary Presidential Constitutional RepublicPlurinational State of Bolivia
65.5%
UN, Semi-Presidential RepublicBurkina Faso
65.5%
UN, Presidential RepublicRepublic of Burundi
65.5%
UN, Presidential RepublicRepublic of Chad
65.5%
UN, Federal Presidential Islamic RepublicFederal Islamic Republic of the Comoros
65.5%
UN, Unitary Parliamentary Constitutional RepublicCzech Republic
65.5%
UN, Unitary Parliamentary RepublicCommonwealth of Dominica
65.5%
UN, Unitary Presidential RepublicDominican Republic
65.5%
UN, Unitary Presidential Constitutional RepublicRepublic of Ecuador
65.5%
UN, Unitary Presidential Constitutional RepublicRepublic of El Salvador
65.5%
UN, Unitary Semi-Presidential RepublicCo-operative Republic of Guyana
65.5%
UN, Unitary Semi-Presidential RepublicRepublic of Haiti
65.5%
UN, Presidential RepublicRepublic of Honduras
65.5%
UN, Unitary Presidential Constitutional RepublicRepublic of Indonesia
65.5%
UN, Unitary Parliamentary Constitutional MonarchyJapan
65.5%
UN, Unitary Presidential Constitutional RepublicRepublic of Kenya
65.5%
UN, PR, Unitary Presidential Constitutional RepublicRepublic of Korea/South Korea
65.5%
UN, Unitary Constitutional MonarchyState of Kuwait
65.5%
UN, Unitary Semi-Presidential Islamic RepublicIslamic Republic of Mauritania
65.5%
UN, Principality, Unitary Constitutional MonarchyPrincipality of Monaco
65.5%
UN, Kingdom, Unitary Parliamentary Constitutional MonarchyKingdom of Morocco
65.5%
UN, Unitary Presidential RepublicRepublic of Mozambique
65.5%
UN, Unitary Parliamentary RepublicRepublic of the Union of Myanmar
65.5%
UN, Unitary Semi-Presidential RepublicRepublic of Namibia
65.5%
UN, Unitary Presidential Constitutional RepublicRepublic of Nicaragua
65.5%
UN, Unitary Semi-Presidential RepublicRepublic of Niger
65.5%
UN, Federal Presidential RepublicFederal Republic of Nigeria
65.5%
UN, CommonwealthSaint Vincent and the Grenadines
65.5%
UN, Parliamentary RepublicSlovak Republic
65.5%
UN, Unitary Semi-Presidential Consitutional RepublicDemocratic Socialist Republic of Sri Lanka
65.5%
UN, Unitary Parliamentary RepublicRepublic of Suriname
65.5%
UN, Unitary Semi-Presidential RepublicSyrian Arab Republic
65.5%
UN, Unitary Semi-Presidential RepublicTunisian Republic
65.5%
UN, Unitary Parliamentary RepublicRepublic of Vanuatu
65.5%
UN, Unitary Dominant-Party Semi-Presidential RepublicRepublic of Azerbaijan
62.1%
UN, Kingdom, Unitary Parliamentary Constitutional MonarchyState of Bahrain
62.1%
UN, CommonwealthBarbados
62.1%
UN, Kingdom, Unitary Parliamentary Constitutional MonarchyKingdom of Bhutan
62.1%
UN, Presidential RepublicRepublic of Cameroon
62.1%
UN, Unitary Presidential Constitutional RepublicRepublic of Colombia
62.1%
Status/Government Style Sovereign State % Correct
UN, Unitary Presidential Constitutional RepublicRepublic of Costa Rica
62.1%
UN, Dominant-Party Semi-Presidential RepublicRepublic of Djibouti
62.1%
UN, Presidential RepublicRepublic of Equatorial Guinea
62.1%
UN, Unitary Parliamentary RepublicSovereign Democratic Republic of Fiji
62.1%
UN, Presidential RepublicRepublic of the Gambia
62.1%
UN, Unitary Presidential RepublicRepublic of Guatemala
62.1%
UN, Presidential RepublicRepublic of Guinea
62.1%
UN, Unitary Semi-Presidential RepublicRepublic of Guinea-Bissau
62.1%
UN, Unitary Presidential RepublicRepublic of Liberia
62.1%
UN, Principality, Unitary Parliamentary Constitutional MonarchyPrincipality of Liechtenstein
62.1%
UN, Parliamentary RepublicRepublic of Malta
62.1%
UN, Parliamentary RepublicRepublic of Mauritius
62.1%
UN, Unitary Parliamentary RepublicRepublic of Moldova
62.1%
UN, Parliamentary RepublicRepublic of Nauru
62.1%
UN, Kingdom, Consitutional MonarchyKingdom of Nepal
62.1%
UN, Sultanate, Unitary Parliamentary Absolute MonarchySultanate of Oman
62.1%
UN, Unitary Presidential Constitutional RepublicRepublic of the Philippines
62.1%
UN, Unitary Parliamentary Constitutional MonarchyState of Qatar
62.1%
UN, Unitary Semi-Presidential RepublicRwandese Republic
62.1%
UN, Unitary Parliamentary RepublicRepublic of Singapore
62.1%
UN, Kingdom, Unitary Parliamentary Absolute MonarchyKingdom of Swaziland
62.1%
UN, Unitary Presidential Constitutional RepublicUnited Republic of Tanzania
62.1%
UN, Presidential RepublicTogolese Republic
62.1%
UN, Kingdom, Unitary Parliamentary Constitutional MonarchyKingdom of Tonga
62.1%
UN, Dominant-Party Semi-Presidential RepublicRepublic of Uganda
62.1%
UN, Mobutist One-Party State under Military DictatorshipRepublic of Zaire
62.1%
UN, Presidential RepublicRepublic of Benin
58.6%
UN, Provisional RepublicCentral African Republic
58.6%
UN, Presidential RepublicRepublic of the Congo
58.6%
UN, Unitary Presidential Constitutional RepublicRepublic of Maldives
58.6%
UN, FA, Unitary Parliamentary RepublicRepublic of the Marshall Islands
58.6%
UN, CommonwealthNew Zealand
58.6%
UN, Unitary Presidential Constitutional RepublicRepublic of Panama
58.6%
UN, CommonwealthIndependent State of Papua New Guinea
58.6%
UN, CommonwealthFederation of Saint Kitts and Nevis
58.6%
UN, CommonwealthSaint Lucia
58.6%
UN, Unitary Presidential Constitutional RepublicRepublic of Sierra Leone
58.6%
UN, CommonwealthSolomon Islands
58.6%
UN, Unitary Parliamentary Consitutional RepublicRepublic of Trinidad and Tobago
58.6%
Non-Partisan Parliamentary Democracy, CommonwealthTuvalu
58.6%
UN, Constitutional Monarchy, FederationUnited Arab Emirates
58.6%
UN, Unitary Semi-Presidential RepublicRepublic of Cape Verde
55.2%
UN, Unitary Presidential Constitutional RepublicRepublic of Ghana
55.2%
UN, Unitary Presidential RepublicRepublic of Côte d'Ivoire
55.2%
UN, Unitary Semi-Presidential RepublicRepublic of Madagascar
55.2%
UN, FA, Federal Parliamentary Republic under a Non-Partisan DemocracyFederated States of Micronesia
55.2%
UN, Unitary Semi-Presidential RepublicMongolia
55.2%
UN, FA, Unitary Parliamentary Constitutional Republic under a Non-Partisan DemocracyRepublic of Palau
55.2%
UN, Presidential RepublicRepublic of Seychelles
55.2%
Parliamentary RepublicRepublic of Kiribati
51.7%
UN, Unitary Presidential RepublicRepublic of Malawi
51.7%
UN, Unitary Semi-Presidential RepublicDemocratic Republic of São Tomé and Príncipe
51.7%
UN, Semi-Presidential RepublicRepublic of Senegal
51.7%
UN, Presidential RepublicGabonese Republic
48.3%
DF, PR, Semi-Presidential Arab RepublicSahrawi Arab Democratic Republic
44.8%
DF*, Unitary Semi-Presidential RepublicRepublic of Abkhazia
34.5%
DF, Presidential Constitutional RepublicRepublic of Somaliland
31%
FA, CommonwealthCook Islands
24.1%
FA, CommonwealthNiue
24.1%
DF, PR, Unitary Semi-Presidential RepublicTurkish Republic of Northern Cyprus
20.7%
UN, Unitary Parliamentary RepublicIndependent State of Western Samoa
20.7%
DF, Presidential RepublicNagorno-Karabakh Republic
17.2%
DF, Semi-Presidential RepublicTransnistrian Moldovan Republic
17.2%
DF, PR, RepublicChechen Republic of Ichkeria
13.8%
DF, RepublicRepublic of Bougainville
10.3%
DF, Semi-Presidential RepublicRepublic of South Ossetia
10.3%
DF, Parliamentary RepublicRepublika Srpska
6.9%
DF, UR, Transitional GovernmentTamil Eelam
6.9%
DF, UR, Government UnspecifiedRepublic of Western Bosnia
6.9%

You're not logged in!

Compare scores with friends on all Sporcle quizzes.
Join for Free
OR
Log In

You Might Also Like...

Show Comments

Extras

Top Quizzes Today


Score Distribution

Your Account Isn't Verified!

In order to create a playlist on Sporcle, you need to verify the email address you used during registration. Go to your Sporcle Settings to finish the process.

Report this User

Report this user for behavior that violates our Community Guidelines.

Details: